00661 2200217 4500001002100000005001500021035002000036007000300056008004100059082001700100084002300117100001900140245006400159260006900223300002900292650001600321650002400337520002400361856003400385990002400419INLIS00000000000829920260428105031 a0010-0426000148ta260428 0 ind  a338.43 : 664 a338.43 : 664 TIM p0 aTIM BPTP JATIM1 aPeningkatan Nilai Tambah Dan Daya Saing Komoditas Pertanian aMalang :bBalai Pengkajian Teknologi Pertanian Jawa Timur,c2017 a106p. :bIlus ;c29.1 cm 4aPeningkatan 4aKomoditas Pertanian aLaporan Akhir Tahun aPerpustakaan BBRMP Jawa Timur a440/2026/BBRMPJATIM